[Event "04"]
[Site "http://www.queenalice.com/game.php?id=1831891"]
[Date "2024.2.19"]
[Round "-"]
[White "sasquatico"]
[Black "Mlintz"]
[Result "0-1"]
[WhiteElo "1883"]
[BlackElo "1805"]

1. d4 e6 2. e4 d5 3. e5 c5 4. Bb5+ Bd7 5. Bxd7+ Nxd7 6. Nf3 Qb6 7. O-O g6 8. b3
Bg7 9. Re1 Ne7 10. Bg5 Nc6 11. c3 O-O 12. dxc5 Qxc5 13. Be3 Qe7 14. b4 Ncxe5 15.
Nxe5 Nxe5 16. Bc5 Qc7 17. Bxf8 Rxf8 18. Re3 Nc4 19. Rh3 Qe5 20. Nd2 b5 21. Nxc4
dxc4 22. a4 a6 23. Re3 Qb8 24. axb5 axb5 25. Ra5 Rd8 26. Qc1 Bh6 27. g3 Bxe3 28.
Qxe3 Rd1+ 29. Kg2 Qb7+ 30. Kh3 Rd3 31. Qe1 Qd5 32. Ra2 h5 33. f4 Qf3 34. Rc2
Qxf4 35. Kg2 Qf3+ 36. Kh3 Qd5 37. Qf2 Qf5+ 38. Qxf5 exf5 39. Kg2 Kg7 40. h4 Kf6
41. Kf2 g5 42. hxg5+ Kxg5 0-1

[Event "Let's Play Chess!"]
[Site "http://www.queenalice.com/game.php?id=1833307"]
[Date "2024.3.12"]
[Round "-"]
[White "sasquatico"]
[Black "Charles56"]
[Result "1-0"]
[WhiteElo "1839"]
[BlackElo "1815"]

1. d4 d5 2. e3 Nf6 3. Nc3 a6 4. Nf3 Bg4 5. h3 Bh5 6. g4 Bg6 7. Ne5 e6 8. Nxg6
hxg6 9. Bg2 Qd6 10. Qf3 Be7 11. a3 Nc6 12. Bd2 Rh7 13. Qg3 Qxg3 14. fxg3 Na5 15.
b3 Bd6 16. Kf2 Nc6 17. Ne2 Ne4+ 18. Bxe4 dxe4 19. h4 Na7 20. Nc3 O-O-O 21. Nxe4
f5 22. Nxd6+ cxd6 23. gxf5 gxf5 24. Ba5 Rd7 25. a4 Nc6 26. Bc3 a5 27. Rab1 Nb4
28. Rb2 Rc7 29. Bd2 g5 30. h5 Nxc2 31. b4 Nxb4 32. Bxb4 axb4 33. Rxb4 Rh6 34.
Kf3 Rch7 35. g4 fxg4+ 36. Kxg4 Rc7 37. Rb5 Rc4 38. Kxg5 Rh7 39. Kg6 Rcc7 40. h6
d5 41. Rc5 1-0

[Event "Let's Play Chess!"]
[Site "http://www.queenalice.com/game.php?id=1833308"]
[Date "2024.3.12"]
[Round "-"]
[White "Charles56"]
[Black "sasquatico"]
[Result "0-1"]
[WhiteElo "1831"]
[BlackElo "1823"]

1. Nc3 d5 2. d4 e6 3. a3 h6 4. Bf4 Bd6 5. Bxd6 Qxd6 6. e3 Nc6 7. Bb5 a6 8. Ba4
b5 9. Bb3 Nf6 10. Nh3 O-O 11. Ne2 a5 12. Nc3 Ba6 13. Qf3 b4 14. axb4 axb4 15.
Na4 Ne4 16. Nf4 Bb5 17. Ne2 Na5 18. Ba2 Bxa4 19. O-O Nd2 20. Qh3 Nxf1 21. Rxf1
Bxc2 22. Rc1 b3 23. Bb1 Bxb1 24. Rxb1 Nc4 25. Nc3 Nd2 26. Rd1 Nc4 27. Rb1 Nxb2
28. Rxb2 Ra1+ 29. Rb1 Rxb1+ 30. Nxb1 Qb4 31. g3 Qe1+ 32. Qf1 Qxf1+ 33. Kxf1 Ra8
34. Ke2 Ra1 35. Nc3 Ra2+ 36. Kd3 Rxf2 0-1

[Event "Let's Play 641"]
[Site "http://www.queenalice.com/game.php?id=1833382"]
[Date "2024.3.14"]
[Round "-"]
[White "sasquatico"]
[Black "digger"]
[Result "0-1"]
[WhiteElo "1846"]
[BlackElo "1676"]

1. d4 d5 2. e3 Nf6 3. Nc3 e6 4. a3 Qd6 5. Nf3 Be7 6. Bd3 O-O 7. Ne5 a6 8. Bd2
Nbd7 9. Nxd7 Bxd7 10. e4 dxe4 11. Nxe4 Nxe4 12. Bxe4 c6 13. Be3 Qc7 14. h4 Rad8
15. h5 h6 16. g3 f5 17. Bf4 Bd6 18. Bxd6 Qxd6 19. Bg2 f4 20. gxf4 Rxf4 21. c3 b6
22. b4 Rdf8 23. f3 e5 24. dxe5 Qxe5+ 25. Kd2 Rd8 26. Re1 Qg5 0-1

[Event "Let's Play 642"]
[Site "http://www.queenalice.com/game.php?id=1833383"]
[Date "2024.3.14"]
[Round "-"]
[White "digger"]
[Black "sasquatico"]
[Result "0-1"]
[WhiteElo "1671"]
[BlackElo "1854"]

1. e4 d5 2. e5 Nc6 3. d4 h6 4. Nf3 Bg4 5. Be2 e6 6. h3 Bh5 7. Nfd2 Bxe2 8. Qxe2
Nxd4 9. Qd3 Bc5 10. c3 Nc6 11. Nb3 Nxe5 12. Qb5+ c6 13. Qe2 Bd6 14. O-O Nf6 15.
Bf4 Nc4 16. Bxd6 Qxd6 17. g3 Ne4 18. Rd1 O-O 19. Kh2 h5 20. Rd4 h4 21. Kg2 hxg3
22. f3 Nf2 23. Nc1 e5 24. Rh4 e4 25. b3 Ne5 26. f4 Ng6 27. Kxg3 Nxh3 28. Kxh3
Nxh4 29. Kxh4 Qxf4+ 30. Kh3 Qxc1 31. a4 Qh6+ 32. Kg2 Qg5+ 33. Kf1 f5 34. Nd2 f4
35. Re1 f3 36. Qh2 e3 37. Nxf3 Rxf3+ 38. Ke2 Rf2+ 39. Qxf2 exf2 40. Kxf2 Rf8+
41. Ke2 Re8+ 42. Kd1 Rxe1+ 43. Kxe1 Qc1+ 44. Kf2 Qxc3 45. Ke2 d4 46. a5 d3+ 47.
Ke3 d2+ 48. Ke4 d1=Q 49. Kf5 Qd5+ 50. Kg4 Qcf3+ 51. Kh4 Qdh5# 0-1

[Event "Let's Play 742"]
[Site "http://www.queenalice.com/game.php?id=1833604"]
[Date "2024.3.20"]
[Round "-"]
[White "digger"]
[Black "sasquatico"]
[Result "0-1"]
[WhiteElo "1613"]
[BlackElo "1915"]

1. e4 e5 2. d4 d5 3. dxe5 dxe4 4. Qxd8+ Kxd8 5. Bc4 Nc6 6. Bf4 Be6 7. Bb5 Nd4 8.
Ba4 b5 9. c3 bxa4 10. cxd4 Bb4+ 11. Bd2 Bxd2+ 12. Kxd2 Bc4 13. f3 exf3 14. Nxf3
h6 15. Nc3 a3 16. bxa3 Ne7 17. Ne4 Nd5 18. Rhc1 Bb5 19. Rc5 c6 20. Nd6 Nb6 21.
Nxf7+ Ke7 22. Nxh8 Rxh8 23. d5 Nxd5 24. Nd4 Rd8 25. Re1 Nf4 26. g3 Rxd4+ 27. Ke3
Ng2+ 28. Kxd4 Nxe1 29. h4 Nf3+ 30. Ke3 Ne1 31. g4 Ng2+ 32. Ke4 Nxh4 33. Kf4 Ng6+
34. Ke4 Ke6 35. a4 Bxa4 36. Ra5 Bd1 37. Rxa7 Ne7 38. a4 Bxg4 39. a5 Be2 40. a6
g5 41. Ke3 Bb5 42. Ra8 Nd5+ 43. Kd4 Nc7 44. Rh8 Nxa6 45. Rxh6+ Kf5 46. e6 c5+
47. Kc3 Nc7 48. Kd2 Nxe6 49. Kc3 Be2 50. Rh2 Nf4 51. Kd2 Bf3 52. Ke3 g4 53. Kf2
c4 54. Kg3 Ne2+ 55. Kh4 c3 56. Rf2 c2 57. Rf1 c1=Q 58. Rxc1 Nxc1 59. Kg3 Ne2+
60. Kf2 Kf4 61. Ke1 g3 62. Kf1 Ke3 63. Ke1 g2 64. Kd1 Nd4+ 65. Kc1 g1=Q+ 66. Kb2
Bd5 67. Kc3 Qc1+ 68. Kb4 Qc4+ 69. Ka5 Qb5# 0-1

[Event "Let's Play 743"]
[Site "http://www.queenalice.com/game.php?id=1833605"]
[Date "2024.3.20"]
[Round "-"]
[White "sasquatico"]
[Black "digger"]
[Result "1-0"]
[WhiteElo "1872"]
[BlackElo "1599"]

1. d4 d5 2. Nc3 c6 3. e3 Qd6 4. Nf3 Bg4 5. h3 Bxf3 6. Qxf3 Nf6 7. Bd3 g6 8. O-O
Nbd7 9. e4 Bg7 10. e5 Nxe5 11. Qd1 O-O 12. dxe5 Qxe5 13. Re1 Qd6 14. g3 e5 15.
a3 e4 16. Bxe4 Rae8 17. Bf4 Qd7 18. Bg2 Rxe1+ 19. Qxe1 Re8 20. Qd2 d4 21. Ne2 h6
22. Nxd4 c5 23. Nb3 Nd5 24. Bxd5 Bxb2 25. Nxc5 Qb5 26. Bxf7+ Kxf7 27. Qd5+ Ke7
28. Re1+ Kf8 29. Bxh6+ Bg7 30. Bxg7+ Kxg7 31. Ne6+ Rxe6 32. Qxb5 Rxe1+ 33. Kg2
b6 34. Qd7+ Kf6 35. Qxa7 Re6 36. c4 g5 37. a4 Kf5 38. a5 bxa5 39. Qxa5+ Kf6 40.
c5 Kg6 41. Qb5 Re5 42. Qb6+ Kf5 43. c6 Re6 44. Qb7 Ke5 45. c7 Re7 46. Qb8 Kf6
47. Qf8+ 1-0

[Event "Let's Play Chess!"]
[Site "http://www.queenalice.com/game.php?id=1833648"]
[Date "2024.3.20"]
[Round "-"]
[White "Mlintz"]
[Black "sasquatico"]
[Result "1/2-1/2"]
[WhiteElo "1894"]
[BlackElo "1919"]

1. e4 e5 2. Nf3 d6 3. d4 exd4 4. Nxd4 h6 5. Nf3 Nc6 6. Nc3 Nf6 7. Be2 Bg4 8. O-O
Ne5 9. Nxe5 Bxe2 10. Qxe2 dxe5 11. Rd1 Bd6 12. h3 a6 13. Be3 Qe7 14. a3 Bc5 15.
Bxc5 Qxc5 16. Rd2 O-O 17. Rd3 Rad8 18. Rad1 Rd4 19. Kh1 Rfd8 20. Qe3 b6 21. b3
Qxa3 22. Rxd4 exd4 23. Rxd4 Rxd4 24. Qxd4 Qd6 25. Qe3 Nd7 26. f4 Qc5 27. Qxc5
Nxc5 28. g3 c6 29. Kg2 a5 30. Kf3 f6 31. g4 Kf7 32. e5 fxe5 33. fxe5 Ke6 34. Ne4
Nd7 35. Ke3 Nxe5 36. c4 Nd7 37. Kd4 c5+ 38. Ke3 Ke5 39. h4 Nf6 40. Nf2 Ne8 41.
Nd3+ Kf6 42. Kf4 Nc7 43. Ke4 Ne6 44. Kd5 Nd4 45. Nc1 g6 46. Kd6 Nf3 47. h5 gxh5
48. gxh5 Kg5 49. Kc6 Kxh5 50. Kxb6 Kg4 51. Kxc5 h5 52. Kb6 h4 53. c5 h3 54. c6
h2 55. c7 h1=Q 56. c8=Q+ Kg5 57. Qg8+ Kf5 58. Qf7+ Kg4 59. Qe6+ Kg5 60. Qg8+
1/2-1/2

[Event "Let's Play Chess!"]
[Site "http://www.queenalice.com/game.php?id=1833657"]
[Date "2024.3.20"]
[Round "-"]
[White "sasquatico"]
[Black "Mlintz"]
[Result "1-0"]
[WhiteElo "1899"]
[BlackElo "1900"]

1. d4 e6 2. e4 d5 3. e5 c5 4. Bb5+ Bd7 5. Bxd7+ Qxd7 6. Nf3 Ne7 7. Nc3 Nbc6 8.
Bg5 cxd4 9. Bxe7 Bxe7 10. Nb5 Nxe5 11. Nbxd4 Nxf3+ 12. Qxf3 O-O 13. O-O Bf6 14.
c3 b5 15. a3 a5 16. Qd3 Bxd4 17. Qxd4 f6 18. h4 Rfc8 19. b3 e5 20. Qd2 e4 21.
Rad1 Rd8 22. Qd4 Rac8 23. f3 exf3 24. Rxf3 Rc6 25. Rfd3 Rd6 26. c4 bxc4 27. bxc4
Qa4 28. cxd5 Qxd4+ 29. Rxd4 Kf7 30. g4 g6 31. Kg2 h6 32. Kg3 f5 33. g5 h5 34.
Kf4 R8d7 35. R1d3 Ke8 36. Re3+ Kd8 37. Red3 Kc7 38. Rc4+ Kb7 39. Rb3+ Ka6 40.
Rc6+ Rxc6 41. dxc6 Rc7 42. a4 Rxc6 43. Rb8 Rc4+ 44. Kg3 Rxa4 45. Rg8 Kb5 46.
Rxg6 f4+ 47. Kf3 Rc4 48. Rf6 a4 49. g6 a3 50. g7 a2 51. g8=Q Rc3+ 52. Kxf4 a1=Q
53. Qb8+ Kc4 54. Rc6+ Kd5 55. Qd6# 1-0

[Event "Let's Play Chess!"]
[Site "http://www.queenalice.com/game.php?id=1834030"]
[Date "2024.3.23"]
[Round "-"]
[White "Charles56"]
[Black "sasquatico"]
[Result "1/2-1/2"]
[WhiteElo "1767"]
[BlackElo "1863"]

1. d4 d5 2. h3 Nc6 3. Nc3 a6 4. Bg5 h6 5. Bh4 g5 6. Bg3 Bg7 7. e3 Nf6 8. Be2 Bf5
9. a3 Ne4 10. Bh2 Nxc3 11. bxc3 b5 12. a4 b4 13. c4 dxc4 14. Bxc4 Na5 15. Bb3
Nxb3 16. cxb3 c5 17. dxc5 Bxa1 18. Qxa1 Qd3 19. Qxh8+ Kd7 20. Qxa8 Qc3+ 21. Ke2
Qd3+ 22. Ke1 Qc3+ 23. Ke2 Qc2+ 24. Ke1 Qc3+ 25. Ke2 Bd3+ 26. Kf3 Qf6+ 27. Kg4
h5+ 28. Kg3 h4+ 29. Kg4 Bf5+ 30. Kf3 Bxh3+ 31. Bf4 g4+ 32. Ke2 Qb2+ 33. Ke1 Qc1+
34. Ke2 Qb2+ 35. Ke1 Qc3+ 36. Ke2 Qb2+ 1/2-1/2

[Event "Let's Play Chess!"]
[Site "http://www.queenalice.com/game.php?id=1834031"]
[Date "2024.3.23"]
[Round "-"]
[White "sasquatico"]
[Black "Charles56"]
[Result "1-0"]
[WhiteElo "1859"]
[BlackElo "1793"]

1. d4 d5 2. Nc3 e6 3. a3 h6 4. e4 dxe4 5. Nxe4 Nf6 6. Nxf6+ Qxf6 7. Nf3 Bd6 8.
Be3 Bd7 9. Bd3 Nc6 10. O-O a6 11. c3 g5 12. Nd2 Qg7 13. Ne4 f5 14. Qh5+ Qf7 15.
Nf6+ Ke7 16. Qxf7+ Kxf7 17. Nxd7 Ke7 18. Ne5 Bxe5 19. dxe5 Nxe5 20. Bc2 Rad8 21.
Rad1 Nc4 22. Bc5+ Kf7 23. Rxd8 Rxd8 24. Rd1 Rxd1+ 25. Bxd1 Nxb2 26. Bh5+ Kf6 27.
Bf8 Na4 28. c4 c5 29. Bxh6 b5 30. Be8 e5 31. cxb5 axb5 32. Bxb5 Nc3 33. Bc6 c4
34. a4 Ne2+ 35. Kf1 Nd4 36. Be8 c3 37. Ke1 e4 38. Bf8 f4 39. Kd1 e3 40. fxe3
fxe3 41. Bb5 c2+ 42. Kc1 e2 43. Bxe2 Nxe2+ 44. Kxc2 Nd4+ 45. Kd3 Nc6 46. Kc4 Ke6
47. Kc5 Na5 48. Kb5 Nb7 49. a5 Kd7 50. a6 1-0

[Event "Let's Play Chess!"]
[Site "http://www.queenalice.com/game.php?id=1834080"]
[Date "2024.3.29"]
[Round "-"]
[White "Charles56"]
[Black "sasquatico"]
[Result "0-1"]
[WhiteElo "1736"]
[BlackElo "1889"]

1. Nf3 Nc6 2. d4 d5 3. Bg5 h6 4. Bh4 g5 5. Bg3 Bg7 6. h3 Nf6 7. e3 Ne4 8. Bh2 g4
9. hxg4 Bxg4 10. Be2 h5 11. Nbd2 h4 12. Ne5 Bxe2 13. Kxe2 Nxe5 14. dxe5 h3 15.
g3 Bxe5 16. c3 c6 17. Nxe4 dxe4 18. Qxd8+ Rxd8 19. Rad1 Rd6 20. f4 exf3+ 21.
Kxf3 Rf6+ 22. Ke2 Rg8 23. Rhg1 Rg5 24. Rd3 Rgf5 25. Ke1 Rf2 0-1

[Event "Let's Play Chess!"]
[Site "http://www.queenalice.com/game.php?id=1834081"]
[Date "2024.3.29"]
[Round "-"]
[White "sasquatico"]
[Black "Charles56"]
[Result "1-0"]
[WhiteElo "1877"]
[BlackElo "1780"]

1. d4 d5 2. Nc3 h6 3. h3 Nf6 4. e3 a6 5. Nf3 Bf5 6. Bd3 Bxd3 7. cxd3 e6 8. a3
Bd6 9. e4 dxe4 10. dxe4 O-O 11. e5 Nc6 12. exd6 cxd6 13. O-O b5 14. d5 exd5 15.
Nxd5 Nxd5 16. Qxd5 Rc8 17. Be3 Kh8 18. Qh5 Qf6 19. Bg5 Qxb2 20. Bxh6 g6 21. Qh4
Rfe8 22. Bc1+ 1-0

[Event "Let's Play Chess!"]
[Site "http://www.queenalice.com/game.php?id=1834398"]
[Date "2024.4.1"]
[Round "-"]
[White "Charles56"]
[Black "sasquatico"]
[Result "0-1"]
[WhiteElo "1789"]
[BlackElo "1896"]

1. Nc3 Nf6 2. d4 d5 3. h3 h6 4. e3 Nc6 5. a3 e6 6. Bd3 Bd6 7. h4 e5 8. dxe5 Bxe5
9. g3 d4 10. exd4 Bxd4 11. Bd2 Qe7+ 12. Qe2 Qxe2+ 13. Ngxe2 Ng4 14. Nxd4 Nxd4
15. Be3 Nxe3 16. fxe3 Nf3+ 17. Kf2 Ne5 18. Rad1 Nxd3+ 19. Rxd3 O-O 20. Kf3 h5
21. Rhd1 Bg4+ 22. Kf2 Bxd1 23. Rxd1 c6 24. Rd7 b6 25. b4 Rfd8 26. Rxd8+ Rxd8 27.
Ke2 f5 28. Nd1 a5 29. c3 axb4 30. cxb4 Ra8 31. Nb2 Rxa3 32. Nd3 Ra2+ 33. Kf3 Kh7
34. Kf4 g6 35. Ne5 c5 36. bxc5 bxc5 37. Nc6 Rf2+ 38. Kg5 Rf3 0-1

[Event "Let's Play Chess!"]
[Site "http://www.queenalice.com/game.php?id=1834399"]
[Date "2024.4.1"]
[Round "-"]
[White "sasquatico"]
[Black "Charles56"]
[Result "0-1"]
[WhiteElo "1918"]
[BlackElo "1767"]

1. d4 d5 2. h3 h6 3. e3 a6 4. Nc3 e6 5. Nf3 Nc6 6. a3 b5 7. Bd3 Nf6 8. Ne5 Nxe5
9. dxe5 Nh7 10. h4 c5 11. b3 Bd7 12. Bxh7 Rxh7 13. Ne2 c4 14. bxc4 bxc4 15. Nc3
Bc5 16. a4 Bb4 17. Bd2 a5 18. Nb5 Bxb5 19. axb5 c3 20. O-O cxd2 21. f4 g6 22. h5
d4 23. e4 d3 24. hxg6 fxg6 25. Rf3 dxc2 26. Qxc2 Rc7 27. Qd1 Qd4+ 28. Kh2 Qxe4
29. b6 Rb7 30. Ra2 Rd8 31. Rf2 Rxb6 32. Raxd2 Bxd2 33. Rxd2 Qxf4+ 34. Kh1 Rxd2
0-1

[Event "Challenge"]
[Site "http://www.queenalice.com/game.php?id=1834647"]
[Date "2024.4.6"]
[Round "-"]
[White "Mlintz"]
[Black "sasquatico"]
[Result "1/2-1/2"]
[WhiteElo "1904"]
[BlackElo "1924"]

1. Nf3 d5 2. d4 Nc6 3. e3 e6 4. Nc3 a6 5. a4 Nf6 6. a5 Bb4 7. Bd2 Bxa5 8. Ne5
Bb6 9. Nxc6 bxc6 10. Bd3 c5 11. dxc5 Bxc5 12. Bb5+ Nd7 13. Ra4 Bb7 14. Be2 Nb6
15. Ra1 d4 16. exd4 Bxd4 17. O-O O-O 18. Bd3 Nd5 19. Qh5 Nf6 20. Qh4 e5 21. Bg5
e4 22. Bxf6 Qxf6 23. Qxf6 gxf6 24. Nxe4 Bxb2 25. Rab1 Bxe4 26. Bxe4 Rab8 27.
Rfd1 c5 28. Rd3 Bd4 29. Rdb3 Rxb3 30. cxb3 Re8 31. Bf3 a5 32. Kf1 Rb8 33. Bc6 c4
34. Ba4 c3 35. Ke2 Rc8 36. Kd3 Bxf2 37. Rc1 Rd8+ 38. Kxc3 Rc8+ 39. Kb2 Bd4+ 40.
Kb1 Rxc1+ 41. Kxc1 Bg1 42. h3 Be3+ 43. Kd1 f5 44. Ke2 Bg5 45. Kf3 h5 46. g3 Kg7
47. h4 Bd2 48. Bb5 Kf6 49. Bc4 Kg6 50. Bd5 Bh6 51. Bc4 Bd2 52. Bd5 Bh6 1/2-1/2

[Event "Challenge"]
[Site "http://www.queenalice.com/game.php?id=1834648"]
[Date "2024.4.6"]
[Round "-"]
[White "sasquatico"]
[Black "Mlintz"]
[Result "1-0"]
[WhiteElo "1908"]
[BlackElo "1918"]

1. d4 e6 2. e4 d5 3. e5 c5 4. Bb5+ Bd7 5. Bxd7+ Nxd7 6. Be3 cxd4 7. Bxd4 Bc5 8.
Nf3 Ne7 9. Nc3 a6 10. h4 Nf5 11. Bxc5 Nxc5 12. h5 h6 13. Nd4 Nxd4 14. Qxd4 Nd7
15. Ne2 Qb6 16. f4 Qxd4 17. Nxd4 Nc5 18. O-O-O Ne4 19. f5 Nf2 20. fxe6 Nxh1 21.
exf7+ Kxf7 22. e6+ Ke7 23. Rxh1 Rhf8 24. Rh4 Rf1+ 25. Kd2 Rf2+ 26. Ke3 Rxg2 27.
Rf4 Rf8 28. Rxf8 Kxf8 29. Kf4 Rg5 30. Nf5 Rxf5+ 31. Kxf5 d4 32. Kg6 b5 33. b4
Ke7 34. Kf5 Kd6 35. a3 Ke7 36. Ke5 Ke8 37. Kxd4 Ke7 38. Ke5 Ke8 39. Kd6 1-0

[Event "Let's Play Chess!"]
[Site "http://www.queenalice.com/game.php?id=1834739"]
[Date "2024.4.11"]
[Round "-"]
[White "Mlintz"]
[Black "sasquatico"]
[Result "1-0"]
[WhiteElo "1938"]
[BlackElo "1935"]

1. d4 d5 2. c4 e5 3. dxe5 Bb4+ 4. Bd2 Bxd2+ 5. Qxd2 d4 6. e3 c5 7. Nf3 Nc6 8.
exd4 cxd4 9. g3 Nge7 10. Bg2 Ng6 11. O-O Ngxe5 12. Nxe5 Nxe5 13. Re1 O-O 14.
Rxe5 Rb8 15. Rd5 Qf6 16. Rxd4 b6 17. Nc3 Bb7 18. Bxb7 Rxb7 19. Rd1 h6 20. Rd8
Rxd8 21. Qxd8+ Qxd8 22. Rxd8+ Kh7 23. Nd5 f5 24. f4 a5 25. b3 a4 26. bxa4 Ra7
27. Nxb6 1-0

[Event "Let's Play Chess!"]
[Site "http://www.queenalice.com/game.php?id=1834742"]
[Date "2024.4.11"]
[Round "-"]
[White "sasquatico"]
[Black "Mlintz"]
[Result "1-0"]
[WhiteElo "1941"]
[BlackElo "1956"]

1. d4 e6 2. e4 d5 3. e5 c5 4. Bb5+ Bd7 5. Bxd7+ Nxd7 6. Nf3 Ne7 7. Nc3 a6 8.
dxc5 Nxc5 9. Be3 b6 10. Bg5 h6 11. Bh4 g5 12. Bg3 Bg7 13. Nd4 Qc7 14. Qe2 b5 15.
a3 Nd7 16. Nf3 Nf5 17. O-O Nxg3 18. fxg3 Nxe5 19. Nd4 Qa7 20. Rad1 Nc4 21. Nxd5
Bxd4+ 22. Kh1 Bxb2 23. c3 Bxa3 24. Nf6+ Kf8 25. Rd7 Qe3 26. Rxf7+ Kxf7 27. Nd5+
Kg7 28. Nxe3 Rhf8 29. Nxc4 bxc4 30. Qxc4 Rxf1+ 31. Qxf1 Rf8 32. Qxa6 Bd6 33. Qd3
Be5 34. h3 Bf6 35. Qd7+ Kh8 36. Qxe6 Kg7 37. c4 Ra8 38. c5 Ra7 39. Qb6 Ra1+ 40.
Kh2 Bd4 41. Qc7+ Kg6 42. Qd6+ Bf6 43. c6 Kf5 44. Qd7+ Kg6 45. c7 Rc1 46. Qe8+
Kf5 47. c8=Q+ Rxc8 48. Qxc8+ Kg6 49. g4 Be5+ 50. g3 Bf6 51. Qg8+ Bg7 52. h4 Kf6
53. Kg2 Kg6 54. Kf3 Kf6 55. Ke4 Kg6 56. Qe6+ Kh7 57. Kf5 gxh4 58. gxh4 Kh8 59.
Qe8+ Kh7 60. Qg6+ Kh8 61. g5 hxg5 62. h5 g4 63. h6 Bxh6 64. Qxh6+ 1-0

[Event "Escacs 137"]
[Site "http://www.queenalice.com/game.php?id=1834912"]
[Date "2024.4.11"]
[Round "-"]
[White "alterego"]
[Black "sasquatico"]
[Result "0-1"]
[WhiteElo "1631"]
[BlackElo "1928"]

1. d4 d5 2. c4 e6 3. c5 Bd7 4. g3 Nc6 5. Bg2 Nf6 6. a3 b6 7. b4 bxc5 8. bxc5 e5
9. Nf3 exd4 10. Nxd4 Bxc5 11. O-O Bxd4 12. Ra2 Be6 13. e3 Bb6 14. Nc3 d4 15.
Bxc6+ Nd7 16. Bxa8 Qxa8 17. exd4 O-O 18. Re2 Bc4 19. Rfe1 Bxe2 20. Rxe2 Nf6 21.
Bg5 Nd5 22. Ne4 h6 23. Bc1 f5 24. Nc5 Bxc5 25. dxc5 Kh7 26. Qd3 g6 27. a4 Qc6
28. Qd4 a6 29. Ba3 h5 30. Qh4 Re8 31. Rxe8 Qxe8 32. Qd4 Qe1+ 33. Kg2 Qe4+ 34.
Qxe4 fxe4 35. c6 Nc3 36. a5 Kg8 37. Bb2 Nd5 38. Bd4 Kf7 39. h3 Ke6 40. f4 exf3+
41. Kxf3 Kd6 42. g4 hxg4+ 43. Kxg4 Kxc6 44. h4 Kd6 45. Kg5 c5 46. Bf2 Ne7 47.
Bg3+ Ke6 48. Be1 c4 49. h5 gxh5 50. Kxh5 Nd5 51. Kg4 c3 52. Kf3 c2 53. Bd2 Nb4
54. Bc1 Na2 55. Bb2 c1=Q 56. Bxc1 Nxc1 57. Ke3 Kd5 58. Kd2 Nb3+ 59. Kc3 Nxa5 60.
Kb4 Nc4 61. Ka4 Kc5 62. Kb3 Kb5 63. Kc3 a5 0-1

[Event "Escacs 138"]
[Site "http://www.queenalice.com/game.php?id=1834913"]
[Date "2024.4.11"]
[Round "-"]
[White "sasquatico"]
[Black "alterego"]
[Result "1-0"]
[WhiteElo "1923"]
[BlackElo "1617"]

1. d4 g6 2. e4 Bg7 3. Nf3 a6 4. Nc3 b5 5. a3 Nf6 6. Bd3 Bb7 7. e5 Nd5 8. Nxd5
Bxd5 9. Be3 O-O 10. O-O d6 11. b3 Nd7 12. c4 bxc4 13. bxc4 Bb7 14. exd6 exd6 15.
Rb1 Nb6 16. d5 c5 17. h4 Bc8 18. Ng5 f5 19. h5 f4 20. Nxh7 Kxh7 21. hxg6+ Kg8
22. Qh5 1-0

[Event "Let's Play Chess!"]
[Site "http://www.queenalice.com/game.php?id=1834916"]
[Date "2024.4.11"]
[Round "-"]
[White "Charles56"]
[Black "sasquatico"]
[Result "0-1"]
[WhiteElo "1732"]
[BlackElo "1919"]

1. d4 d5 2. Nc3 e6 3. e3 a6 4. a3 Nf6 5. h3 Nc6 6. Nf3 h6 7. Bd3 Bd6 8. Qe2 e5
9. dxe5 Nxe5 10. Nxe5 Bxe5 11. Bd2 Be6 12. f4 Bxc3 13. Bxc3 O-O 14. g4 Ne4 15.
Bd4 b6 16. Rg1 Qh4+ 17. Kd1 Nf2+ 18. Kd2 Nxd3 19. Kxd3 c5 20. Bc3 c4+ 21. Kd2
Qd8 22. Raf1 f6 23. f5 Bd7 24. h4 b5 25. Kc1 a5 26. g5 fxg5 27. hxg5 hxg5 28.
Rh1 Rxf5 29. Rxf5 Bxf5 30. Qh5 Kf8 31. Qh7 Bxh7 32. Rxh7 Ke7 33. Rxg7+ Kd6 34.
Rg6+ Kd7 35. Bf6 Qe8 36. Rxg5 Qxe3+ 37. Kb1 Qxg5 38. Bxg5 b4 39. axb4 axb4 40.
Be3 Re8 41. Bf2 b3 42. Kc1 Rf8 43. Be3 Rf3 44. Bd4 bxc2 45. Kxc2 Ke6 46. Kd2
Rd3+ 0-1

[Event "Let's Play Chess!"]
[Site "http://www.queenalice.com/game.php?id=1834917"]
[Date "2024.4.11"]
[Round "-"]
[White "sasquatico"]
[Black "Charles56"]
[Result "1-0"]
[WhiteElo "1927"]
[BlackElo "1721"]

1. d4 d5 2. Nc3 a6 3. h3 h6 4. Nf3 Bf5 5. e3 e6 6. a3 Bd6 7. Bd3 Bxd3 8. cxd3
Nc6 9. e4 dxe4 10. dxe4 Qd7 11. d5 exd5 12. Nxd5 Nge7 13. O-O g5 14. Nf6+ 1-0

[Event "Let's Play Chess!"]
[Site "http://www.queenalice.com/game.php?id=1835336"]
[Date "2024.4.19"]
[Round "-"]
[White "Charles56"]
[Black "sasquatico"]
[Result "1-0"]
[WhiteElo "1754"]
[BlackElo "1958"]

1. e4 d5 2. e5 Nc6 3. d4 h6 4. c3 a6 5. Na3 Bf5 6. Bd3 Bxd3 7. Qxd3 e6 8. Nh3
Nge7 9. Nc2 Ng6 10. Be3 Be7 11. a3 Nf8 12. b4 Nd7 13. f4 g6 14. g3 Nb6 15. a4
Nc4 16. Kf2 g5 17. fxg5 Nxe3 18. Qxe3 hxg5 19. Ng1 f6 20. exf6 Bxf6 21. Qxe6+
Qe7 22. Qxe7+ Bxe7 23. Ne2 O-O+ 24. Kg2 b5 25. a5 Bd6 26. Raf1 Rae8 27. Rxf8+
Bxf8 28. Kf2 g4 29. h3 gxh3 30. Rxh3 Bg7 31. Rh5 Rf8+ 32. Kg2 Ne7 33. Nf4 c6 34.
Rg5 Rxf4 35. gxf4 Kf7 36. f5 Bh6 37. Rh5 Bd2 38. Rh3 Nxf5 39. Rh7+ Ke6 40. Ra7
Bxc3 41. Rxa6 Kd6 42. Ra8 Bxd4 43. Nxd4 Nxd4 44. Rh8 c5 45. bxc5+ Kxc5 46. Rc8+
Nc6 47. Kf2 b4 48. Ke2 Kb5 49. a6 Na7 50. Rd8 Kxa6 51. Rxd5 Nb5 52. Kd2 Ka5 53.
Kc2 Ka4 54. Kb2 b3 55. Rd3 Na3 56. Rd4+ 1-0

[Event "Let's Play Chess!"]
[Site "http://www.queenalice.com/game.php?id=1835337"]
[Date "2024.4.19"]
[Round "-"]
[White "sasquatico"]
[Black "Charles56"]
[Result "1-0"]
[WhiteElo "1932"]
[BlackElo "1749"]

1. d4 d5 2. h3 Nc6 3. Nf3 h6 4. Nc3 a6 5. e4 dxe4 6. Nxe4 e6 7. a3 Nf6 8. Nxf6+
Qxf6 9. Be3 Bd6 10. Bd3 Bd7 11. Qe2 g5 12. c3 e5 13. d5 Ne7 14. Be4 g4 15. hxg4
Bxg4 16. c4 Bf5 17. Bxf5 Nxf5 18. Bf4 O-O-O 19. Bd2 Rde8 20. Qe4 Rhg8 21. g4 Ne7
22. Rxh6 Rg6 23. Rxg6 Nxg6 24. g5 Qg7 25. b4 b6 26. Be3 Rh8 27. Ke2 Nf4+ 28. Kd2
Rf8 29. c5 Be7 30. cxb6 Bd6 31. bxc7 Kxc7 32. Rc1+ Kb7 33. Rc6 Rd8 34. Qc4 Nxd5
35. Qxa6+ Kb8 36. Qa7# 1-0